Training in practice : successful implementation of plans

Bibliographic Details
Main Author: Anderson, A.H
Format: Book
Published: New Delhi, India : Infinity Books , 2000
Subjects:

MARC

LEADER 00000cam a2200000 7i4500
001 0000003550
005 20060621.0
020 0 0 |a 8187233389 
090 0 0 |a 658.3124   |b AND 
100 1 0 |a Anderson, A.H. 
245 1 0 |a Training in practice :   |b successful implementation of plans   |c A.H. Anderson. 
260 0 0 |a New Delhi, India :   |b Infinity Books ,   |c 2000 
300 |a xvi, 206 p. :   |b ill. ;   |c 22 cm. 
650 0 0 |a Employees   |x Training of   |x Methodology. 
650 0 0 |a Training. 
999 |a 0000006865   |b Monograph   |c Open Shelf   |e Default branch